000 00346nam a2200133Ia 4500
008 220217s9999||||xx |||||||||||||| ||und||
020 _a81-7808-084-2
082 _a658 MAZ
100 _aMazda, Friadoon
_93016
245 0 _aEngineering management
260 _aPearson education
_bNew Delhi
_c2000
300 _b325
650 _aMANAGEMENT
999 _c170698
_d170698